Chichi Creus : el petit gegant del bàsquet / Jaume Rius, Antoni Closa el petit gegant del bàsquet / Jaume Rius, Antoni Closa

per Rius, Jaume

ISBN: 84-922944-1-8
Publicat: Barcelona : Jaume Rius , 1997
Descripció física: 132 p. : fot. ; 23 cm
Altres autors: Closa, Antoni

MARC

LEADER 00000nam a2200000Ia 4500
001 19286
008 160829s1997 xx 000 0 cat d
020 |a 84-922944-1-8 
080 |a P-1-76 
100 |a Rius, Jaume  |9 45629 
245 |a Chichi Creus :  |b  el petit gegant del bàsquet / Jaume Rius, Antoni Closa 
260 |a Barcelona :  |b Jaume Rius,  |c 1997 
300 |a 132 p. :  |b  fot. ;  |c 23 cm 
590 |a Amb el suport de la Diputació de Barcelona 
650 |a Creus, Chichi   |9 45638 
650 |a Basquetbol  |x Manresa  |x Història  |9 45639 
700 |a Closa, Antoni  |9 45626 
901 |a Arxiu 
942 |n 1 
952 |0 0  |1 0  |4 0  |6 P176  |7 1  |9 52743  |a Arxiu  |b Arxiu  |d 2016-12-01  |l 0  |o P-1-76  |p 19286  |r 2016-12-01 00:00:00  |w 2016-12-01  |y ARXIU 
999 |c 56592  |d 56592